| 000 | 00548nam a2200133Ia 4500 | ||
|---|---|---|---|
| 008 | 171212s9999 xx 000 0 und d | ||
| 100 | _aFisher, Elaine M. | ||
| 245 |
_cFisher, Elaine M. _aHindu Pluralism _bReligion and the Public Sphere in Early Modern South India |
||
| 260 |
_bUniversity of California Press _c2017 |
||
| 440 | _aSouth Asia Across the Disciplines | ||
| 650 | _aHinduism -- India, South; Religious pluralism -- India, South; India, South -- Religion | ||
| 650 | _aReligion | ||
| 856 | _uhttp://jstor.org/stable/10.1525/j.ctt1pq345d | ||
| 999 |
_c352968 _d352968 |
||